000 00517nam a2200169 i 4500
001 bg
100 1 _aCHOROBOWICZ, Marian
245 0 _aWyposażenia magazynów eksponowane na Międzynarodowych Targach w Lipsku (NRD) 9.III - 16.III 1975 /
_cMarian Chorobowicz, Żaneta Jankiewicz, Tadeusz Potocki.
260 _aPoznań,
_c1975.
700 1 _aJANKIEWICZ, Żaneta
700 1 _aPOTOCKI, Tadeusz
040 _cBPK
041 _apol
080 _a658.6
942 _cKS
008 s pl f |000 0 pol
999 _c27221
_d27221
856 _uhttp://koha.tu.koszalin.pl/cgi-bin/koha/opac-detail.pl?biblionumber=27221
_yKatalog online BPK